000 00487nam a2200157Ia 4500
008 231217s9999 xx 000 0 und d
041 _aEnglish
082 _a001.6425 AHO;13
100 _aAho, Alfred V.Sethi, Ravi. Ullman, Jeffrey D.
245 0 _aCompilers : principles, techniques and tools
260 _c1986
_bPearson Education (Singapore)
_aDelhi
300 _ax+796
500 _aContent page available
650 _aCompilers,:,principles,,techniques,tools
942 _cAA
999 _c174197
_d174197